| 000 | 00574nam a2200181 a 4500 | ||
|---|---|---|---|
| 005 | 20210223125419.0 | ||
| 008 | 040816s1995 mx r 000 0 spa d | ||
| 020 | _a9683646328 | ||
| 035 | _aUPN01000134240 | ||
| 049 | _aCG | ||
| 050 | 4 |
_aHM22 M6 _bE8.7 |
|
| 245 | 0 | 0 |
_aEstudios de teoría e historia de la sociología en México / _cLaura Cházaro G. ... [et al.]. |
| 260 |
_aMéxico : _bUNAM : _bUAM-Azcapotzalco, _c1995. |
||
| 300 | _a313 p. | ||
| 650 | 4 |
_aSOCIOLOGIA - _xHISTORIA - _zMEXICO _920807 |
|
| 700 | 1 |
_aCházaro García, Laura, _ecoaut. _937982 |
|
| 905 | _aLibro | ||
| 999 |
_c106391 _d106391 |
||